000 00876nab a2200277 4500
003 BR-BrBNA
005 20250717143241.0
008 250717b bl.||||| |||| 00| 0 por d
040 _aBR-BrBNA
_bpor
072 _aF30 ; A50 ; E13 ; E14
_b3575
100 _aGamez, Milton
245 _aOs grãos do futuro
_bAgrotecnologia
500 _a12 illus.
650 _aBIOTECNOLOGIA
650 _aTRANSGENIA
650 _aSEMENTE MODIFICADA
650 _aSECA
650 _aHERBICIDA
650 _aVARIEDADE RESISTENTE
650 _aINVESTIMENTO
650 _aPESQUISA AGRÍCOLA
650 _aINOVAÇÃO TECNOLÓGICA
773 0 _01706
_9347977
_dSão Paulo-SP Editora Três Ltda - E-mail: luizfsa@revistadinheiro.com.br 2004
_o2025-0476
_tDinheiro Rural (Brazil)
_x1807-3700
_gv. 6(72) p. 40-44; (Oct 2010)
_wBR2025003819
942 _cANA
999 _c333945
_d333945